000 00581cam a2200169 4500500
005 20260405002020.0
041 _afre
042 _adc
100 1 0 _aPersonne, Thomas
_eauthor
245 0 0 _aŒuvres complètes. Tome 4, Résistance, philosophie biologique et histoire des sciences 1940-1965
260 _c2015.
500 _a68
690 _aCanguilhem
690 _aPolitique
786 0 _nPhilosophie magazine | 91 | 8 | 2015-07-01 | p. 60-60 | 1951-1787
856 4 1 _uhttps://shs.cairn.info/magazine-philosophie-magazine-2015-8-page-60?lang=fr&redirect-ssocas=7080
999 _c2053347
_d2053347